000 00674nam a22001817a 4500
999 _c62842
_d62842
003 Ge_BSU
005 20250307102111.0
008 250307s1974 ge ||||| |||| 00| 0 geo d
041 _ageo
080 _a616.72 ფ-30
100 _aფარჯანაძე, შ.
_911562
245 _aსახსრების დაავადებები /
_cშ. ფარჯანაძე.
264 _aთბილისი :
_b საბჭ. საქართველო,
_c1974.
300 _a134 გვ. ;
_b 20 სმ.
653 _aსახსრების დაავადებები
653 _aმედიცინა
942 _2udc
_cᲬᲘᲒᲜᲘ